Joel Edgerton Movies - Statistics

General Stats
  • This quiz has been taken 5 times
  • The average score is 4 of 59
Answer Stats
Hint Answer % Correct
2002 Attack of the Clones
80%
2005 Revenge of the Sith
80%
2017 Bright
40%
2015 The Gift
40%
2011 Warrior
40%
2010 Animal Kingdom
20%
2014 Exodus: Gods and Kings
20%
2015 Midnight Special
20%
2018 Red Sparrow
20%
2013 The Great Gatsby
20%
2019 The King
20%
2008 $9.99
0%
2008 Acolytes
0%
2003 All the Way
0%
2015 Black Mass
0%
2018 Boy Erased
0%
2015 Broken Horses
0%
1999 Dogwatch
0%
1999 Erskineville Kings
0%
2013 Felony
0%
2018 Gringo
0%
2002 Hard Word
0%
2017 It Comes At Night
0%
2015 Jane Got A Gun
0%
2004 King Arthur
0%
2005 Kinky Boots
0%
2010 Legend of the Guardians: The Owls of Ga'Hoole
0%
2015 Life
0%
2016 Loving
0%
TBD Master Gardener
0%
2021 Music
0%
2003 Ned Kelly
0%
1998 Never Tell Me Never
0%
2006 Open Window
0%
1998 Praise
0%
1996 Race the Sun
0%
2000 Sample People
0%
2001 Saturn's Return
0%
1999 Secret Men's Business
0%
2009 Separation City
0%
2006 Smokin' Aces
0%
TBD Stingray
0%
TBD The Boys in the Boat
0%
TBD The Brutalist
0%
2021 The Green Knight
0%
2005 The Magician
0%
2012 The Odd Life of Timothy Green
0%
2014 The Rover
0%
2001 The Secret Life of Us
0%
2008 The Square
0%
2022 The Stranger
0%
2011 The Thing
0%
2000 The Three Stooges
0%
2009 The Waiting City
0%
2022 Thirteen Lives
0%
2007 Whisper
0%
2012 Wish You Were Here
0%
TBD Wizards!
0%
2012 Zero Dark Thirty
0%
No matching quizzes found
Score Distribution
Percent of People with Each Score
Percentile by Number Answered
Your Score History
You have not taken this quiz